000 00810cam a2200217 i 4500
001 42434
003 Mx-PuUPA
005 20260511092038.0
008 140415s2024 mx gr 000 0 spa d
020 _a9786073098557
040 _cMx-PuUPA
041 _aspa
082 0 4 _axx
_bxx
_223
245 1 0 _aLas ideas jurídicas y políticas de Dante AliGhieri :
_bbreves reflexiones a 700 años de su muerte /
_cHerminio Sánchez De La Barquera y Arroyo, editor
264 1 _aCiudad de México :
_bUniversidad nacional Autónoma de México,
_c©2024
300 _avii, 141 páginas ;
_c21 cm
650 7 _2armarc
_913986
700 _aSánchez de la Barquera y Arroyo, Herminio,
_eeditor
_93032
942 _2ddc
_cLI
_hxx
_ixx
999 _c42434
_d42434